| 000 | 00556nam a2200193Ia 4500 | ||
|---|---|---|---|
| 003 | GCL | ||
| 008 | 140319s9999 xx 000 0 eng d | ||
| 040 |
_aGCL / _cGCL |
||
| 082 | 0 | 4 |
_a624.1762 _bP E |
| 100 | 1 | _aPENELIS, GEORGE G. | |
| 245 | 1 | 0 |
_aEARTHQUAKE - RESISTANT CONCRETE STRUCTURES / _cPENELIS, GEORGE G. |
| 700 | 1 | _aKAPPES, ANDREAS J | |
| 260 |
_a[S.N] : _bE & FN SPON ، _c1997 |
||
| 300 | _a572 P | ||
| 650 | 0 | 4 | _aالتحليل الرياضى |
| 650 | 0 | 4 | _aEARTHQUAKE RESISTANT DESIGN |
| 650 | 0 | 4 | _aEARTHQUAKE ENGINEENING |
| 942 |
_2ddc _cBK |
||
| 999 |
_c16083 _d16083 |
||